Obětní kámen /

Main Author: Bobrowski, Johannes, 1917-1965
Other Authors: Hiršal, Josef, 1920-2003, Grögerová, Bohumila, 1921-2014
Language: Czech
Published: Studnice : Opus, 2000
Edition: V tomto souboru vyd. 1.
Series: Opus (Opus)
Online Access: Digitalizovaný dokument
Physical Description: 135 s. ; 20 cm
Book
Saved in:
LEADER 01409nam a2200361 a 4500
001 000662153
003 CZ BrMZK
005 20151202092613.0
007 ta
008 030319s2000 xr g 000 p cze d
015 |a cnb000887705 
020 |a 80-238-3524-6  |q (brož.) 
035 |a (OCoLC)51186032 
040 |a ULG001  |b cze  |c BOA001  |d ABA001 
041 1 |a cze  |h ger 
072 7 |a 821.112.2-1  |x Německá poezie, německy psaná  |2 Konspekt  |9 25 
080 |a 821.112.2-1  |2 MRF 
080 |a (0:82-1)  |2 MRF 
100 1 |a Bobrowski, Johannes,  |d 1917-1965  |7 jn20000700193  |4 aut 
245 1 0 |a Obětní kámen /  |c Johannes Bobrowski ; [z německých originálů vybrali, přeložili a doslov napsali Josef Hiršal a Bohumila Grögerová] 
250 |a V tomto souboru vyd. 1. 
260 |a Studnice :  |b Opus,  |c 2000 
300 |a 135 s. ;  |c 20 cm 
490 1 |a Opus ;  |v sv. 3 
500 |a Překlad z němčiny 
655 7 |a německá poezie  |7 fd132939  |2 czenas 
700 1 |a Hiršal, Josef,  |d 1920-2003  |7 jk01041094  |4 com  |4 trl  |4 waw 
700 1 |a Grögerová, Bohumila,  |d 1921-2014  |7 jk01032701  |4 com  |4 trl  |4 waw 
830 0 |a Opus (Opus)  |0 s 
856 4 1 |u http://www.digitalniknihovna.cz/mzk/uuid/uuid:8674d670-6178-11e2-9d9f-005056827e52  |y Digitalizovaný dokument  |x NDK 
910 |a BOA001  |b 1-1114.718 
990 |a BK 
996 6 |b 2610184295  |c 1-1114.718  |l MZK  |r Sklad / do 1 hodiny  |n 7  |p p.v.  |w 000662153  |u 000010  |a 1  |e BOA001  |j MZK50  |s P